| Tag |
First Indicator |
Second Indicator |
Subfields |
| LEADER |
00000cam a2200000 a 4500 |
| 001 |
in00000090161 |
| 005 |
20151008065612.0 |
| 008 |
810324s1980 dcuae b 00010 eng d |
| 010 |
|
|
|a 79093346
|
| 020 |
|
|
|a 0918286182
|
| 035 |
|
|
|a (OCoLC)07256145
|
| 035 |
|
|
|9 AAK6246AM
|
| 040 |
|
|
|a LDL
|c LDL
|d OCL
|d TXA
|d UtOrBLW
|
| 049 |
|
|
|a TXAM
|c [1655627]
|
| 090 |
|
|
|a HT169.6
|b K4
|
| 100 |
1 |
|
|a Kendig, Lane.
|
| 245 |
1 |
0 |
|a Performance zoning /
|c Lane Kendig with Susan Connor, Cranston Byrd, and Judy Heyman.
|
| 264 |
|
1 |
|a Washington, D.C. :
|b Planners Press,
|c [1980]
|
| 264 |
|
4 |
|c ©1980
|
| 300 |
|
|
|a ix, 358 pages :
|b illustrations, plans (some color) ;
|c 23 x 28 cm.
|
| 336 |
|
|
|a text
|b txt
|2 rdacontent
|
| 337 |
|
|
|a unmediated
|b n
|2 rdamedia
|
| 338 |
|
|
|a volume
|b nc
|2 rdacarrier
|
| 504 |
|
|
|a Includes bibliographical references.
|
| 650 |
|
0 |
|a Zoning.
|
| 650 |
|
0 |
|a Zoning law.
|
| 700 |
1 |
|
|a Conner, Susan.
|
| 700 |
1 |
|
|a Byrd, Cranston.
|
| 700 |
1 |
|
|a Heyman, Judy.
|
| 999 |
|
|
|a MARS
|
| 999 |
f |
f |
|s 96b297ed-c0b8-3965-832b-37c0b3e30bf6
|i 520781c0-22f3-34c3-9691-0cba87f2b679
|t 0
|
| 952 |
f |
f |
|p normal
|a Texas A&M University
|b College Station
|c Sterling C. Evans Library
|d Evans: Library Stacks
|t 0
|e HT169.6 K4
|h Library of Congress classification
|i unmediated -- volume
|m A14830411961
|
| 998 |
f |
f |
|a HT169.6 K4
|t 0
|l Evans: Library Stacks
|